Calculus with analytic geometry / (Record no. 953)

MARC details
000 -LEADER
fixed length control field 00812nam a2200277 4500
001 - CONTROL NUMBER
control field 2405677
005 - DATE AND TIME OF LATEST TRANSACTION
control field 20141027120044.0
007 - PHYSICAL DESCRIPTION FIXED FIELD--GENERAL INFORMATION
fixed length control field 000
008 - FIXED-LENGTH DATA ELEMENTS--GENERAL INFORMATION
fixed length control field 000
010 ## - LIBRARY OF CONGRESS CONTROL NUMBER
LC control number 86017011
020 ## - INTERNATIONAL STANDARD BOOK NUMBER
International Standard Book Number 0131111051 :
Terms of availability $43.95 (est.)
040 ## - CATALOGING SOURCE
Original cataloging agency UOEL
Transcribing agency DLC
Modifying agency DLC
050 00 - LIBRARY OF CONGRESS CALL NUMBER
Classification number QA303
Item number .P99 1987
082 00 - DEWEY DECIMAL CLASSIFICATION NUMBER
Classification number 515/.15
Edition number 19
100 1# - MAIN ENTRY--PERSONAL NAME
Personal name Purcell, Edwin J.
Fuller form of name (Edwin Joseph),
Dates associated with a name 1901-
245 10 - TITLE STATEMENT
Title Calculus with analytic geometry /
Statement of responsibility, etc Edwin J. Purcell, Dale Varberg.
250 ## - EDITION STATEMENT
Edition statement 5th ed.
260 ## - PUBLICATION, DISTRIBUTION, ETC. (IMPRINT)
Place of publication, distribution, etc Englewood Cliffs, N.J. :
Name of publisher, distributor, etc Prentice-Hall,
Date of publication, distribution, etc c1987.
300 ## - PHYSICAL DESCRIPTION
Extent xiii, 896, 8 p. :
Other physical details ill. ;
Dimensions 27 cm.
500 ## - GENERAL NOTE
General note Includes index.
650 #0 - SUBJECT ADDED ENTRY--TOPICAL TERM
Topical term or geographic name as entry element Calculus.
General subdivision Mathematics
Topical term or geographic name as entry element Geometry, Analytic.
General subdivision Mathematics
700 1# - ADDED ENTRY--PERSONAL NAME
Personal name Varberg, Dale E.
906 ## - LOCAL DATA ELEMENT F, LDF (RLIN)
a 7
b cbc
c orignew
d 1
e ocip
f 19
g y-gencatlg
942 ## - ADDED ENTRY ELEMENTS (KOHA)
Source of classification or shelving scheme Library of Congress Classification
Item type Short Loan for 1 day
Holdings
Withdrawn status Lost status Source of classification or shelving scheme Damaged status Not for loan Home library Current library Shelving location Date acquired Total Checkouts Full call number Barcode Date last seen Date last borrowed Copy number Price effective from Koha item type
    Library of Congress Classification     UOE Main Library UOE Main Library Short Loan Area 27/10/2014 2 QA303 .P99 1987 10044110 27/04/2026 07/04/2017 10044110 27/10/2014 Short Loan for 1 day